Normal view
MARC view
- Gases -- Purification
Entry Topical Term
001 - CONTROL NUMBER
- control field: 69324
003 - CONTROL NUMBER IDENTIFIER
- control field: NUST
005 - DATE AND TIME OF LATEST TRANSACTION
- control field: 20210628204220.0
008 - FIXED-LENGTH DATA ELEMENTS
- fixed length control field: 210628|| aca||aabn | a|a d
040 ## - CATALOGING SOURCE
- Original cataloging agency: NUST
- Transcribing agency: NUST
150 ## - HEADING--TOPICAL TERM
- Topical term or geographic name entry element: Gases -- Purification
670 ## - SOURCE DATA FOUND
- Source citation: Work cat.: (NUST): Kohl, Arthur L. 69323, Gas purification, 1997
